Urbanismo bioclimático / (Registro nro. 3796)
[ vista simple ]
| 000 -LEADER | |
|---|---|
| fixed length control field | 01407nam a22002777a 4500 |
| 003 - CONTROL NUMBER IDENTIFIER | |
| control field | PE SENCICO BE |
| 005 - DATE AND TIME OF LATEST TRANSACTION | |
| control field | 20251020182625.0 |
| 008 - FIXED-LENGTH DATA ELEMENTS--GENERAL INFORMATION | |
| fixed length control field | 230126b |||||||| |||| 00| 0 eng d |
| 020 ## - INTERNATIONAL STANDARD BOOK NUMBER | |
| International Standard Book Number | 978-84-252-2071-5 |
| 040 ## - CATALOGING SOURCE | |
| Original cataloging agency | PE SENCICO BE |
| Transcribing agency | PE SENCICO BE |
| 041 ## - LANGUAGE CODE | |
| Language code of text/sound track or separate title | spa |
| 082 ## - DEWEY DECIMAL CLASSIFICATION NUMBER | |
| Classification number | 711.42 |
| Item number | H51 |
| 100 1# - MAIN ENTRY--PERSONAL NAME | |
| 9 (RLIN) | 527 |
| Personal name | Urbanismo |
| 245 1# - TITLE STATEMENT | |
| Title | Urbanismo bioclimático / |
| Statement of responsibility, etc. | Ester Higueras |
| 250 ## - EDITION STATEMENT | |
| Edition statement | 1a ed. |
| 260 ## - PUBLICATION, DISTRIBUTION, ETC. | |
| Place of publication, distribution, etc. | Barcelona : |
| Name of publisher, distributor, etc. | Gustavo Gili, |
| Date of publication, distribution, etc. | 2012 |
| 300 ## - PHYSICAL DESCRIPTION | |
| Extent | 241 p. : |
| Other physical details | il., diagrs. ; |
| Dimensions | 24 cm. |
| 504 ## - BIBLIOGRAPHY, ETC. NOTE | |
| Bibliography, etc. note | Bibliografía: p. [230]-241 |
| 505 3# - FORMATTED CONTENTS NOTE | |
| Formatted contents note | Introducción -- El urbanismo bioclimático en la ciudad histórica. Ciudades orgánicas y geométricas -- La ciudad jardín -- La ciudad del movimiento moderno -- Situación actual, patologías urbanas y huella ecológica -- Conocimiento del medio físico y ambiental -- Conocimiento del clima -- Planeamiento territorial -- El plan de ordenación urbana con criterios ambientales -- Aportaciones significativas -- Estrategias bioclimáticas para el sistema general vario -- Estrategias bioclimáticas para el sistema general de zonas verdes y espacios libres -- Ordenanzas ambientales<br/> |
| 650 14 - SUBJECT ADDED ENTRY--TOPICAL TERM | |
| 9 (RLIN) | 78 |
| Topical term or geographic name entry element | Urbanismo |
| General subdivision | Aspectos ambientales |
| 650 24 - SUBJECT ADDED ENTRY--TOPICAL TERM | |
| 9 (RLIN) | 528 |
| Topical term or geographic name entry element | Planificación urbana |
| 650 24 - SUBJECT ADDED ENTRY--TOPICAL TERM | |
| 9 (RLIN) | 406 |
| Topical term or geographic name entry element | Ecología urbana |
| 650 24 - SUBJECT ADDED ENTRY--TOPICAL TERM | |
| 9 (RLIN) | 76 |
| Topical term or geographic name entry element | Historia urbana |
| 910 ## - USER-OPTION DATA (OCLC) | |
| -- | hfp |
| -- | hfp |
| 942 ## - ADDED ENTRY ELEMENTS (KOHA) | |
| Source of classification or shelving scheme | Dewey Decimal Classification |
| Koha item type | Libros |
| Classification part | 711.42 |
| Item part | H51 |
| Fecha de la última vez que lo usaron | Número de ingreso o de inventario | Pago total | Signatura topográfica completa | Precio efectivo desde | Tipo de documento | Estado perdido | Sistema de clasificación | Estado dañado | No es para préstamo | Retirado | Ubicación permanente | Ubicación actual | Fecha de adquisición |
|---|---|---|---|---|---|---|---|---|---|---|---|---|---|
| 26/01/2023 | 16110 | 711.42/H51 | 26/01/2023 | Libros | Dewey Decimal Classification | Biblioteca Central Lima | Biblioteca Central Lima | 26/01/2023 |